BIBLIOTECA

SENCICO

Especialidad instalaciones sanitarias : (Registro nro. 4408)

Detalles MARC
000 -LEADER
fixed length control field 01100nam a22002417a 4500
003 - CONTROL NUMBER IDENTIFIER
control field PE SENCICO BE
005 - DATE AND TIME OF LATEST TRANSACTION
control field 20251020182645.0
008 - FIXED-LENGTH DATA ELEMENTS--GENERAL INFORMATION
fixed length control field 231030b |||||||| |||| 00| 0 eng d
040 ## - CATALOGING SOURCE
Original cataloging agency PE SENCICO BE
Transcribing agency PE SENCICO BE
041 ## - LANGUAGE CODE
Language code of text/sound track or separate title spa
084 ## - OTHER CLASSIFICATION NUMBER
Classification number I
-- DIB
-- 2017
Item number C29
100 1# - MAIN ENTRY--PERSONAL NAME
9 (RLIN) 1734
Personal name Chavez Natividad, Heler Jaime
Relator term autor
245 1# - TITLE STATEMENT
Title Especialidad instalaciones sanitarias :
Remainder of title especificaciones técnicas y detalles en los planos de instalaciones sanitarias /
Statement of responsibility, etc. Heler Jaime Chavez Natividad
260 ## - PUBLICATION, DISTRIBUTION, ETC.
Place of publication, distribution, etc. Lima :
Date of publication, distribution, etc. 2017
300 ## - PHYSICAL DESCRIPTION
Extent 40 h. :
Other physical details tabls., plans. ;
Dimensions 30 cm.
502 ## - DISSERTATION NOTE
Dissertation note Monografía de Titulación.-- Servicio Nacional de Capacitación para la Industria de la Construcción. Escuela Superior Técnica. Carrera Profesional Técnica en Dibujo en Construcción Civil, 2017.
650 10 - SUBJECT ADDED ENTRY--TOPICAL TERM
9 (RLIN) 103
Topical term or geographic name entry element Instalaciones sanitarias
650 20 - SUBJECT ADDED ENTRY--TOPICAL TERM
9 (RLIN) 1733
Topical term or geographic name entry element Redes de distribución de agua
650 20 - SUBJECT ADDED ENTRY--TOPICAL TERM
9 (RLIN) 355
Topical term or geographic name entry element Abastecimiento de agua
710 1# - ADDED ENTRY--CORPORATE NAME
Corporate name or jurisdiction name as entry element Servicio Nacional de Capacitación para la Industria de la Construcción.
Subordinate unit Escuela Superior Técnica
9 (RLIN) 1065
910 ## - USER-OPTION DATA (OCLC)
-- hfp
-- hfp
942 ## - ADDED ENTRY ELEMENTS (KOHA)
Koha item type Monografía de Titulación
Existencias
Fecha de la última vez que lo usaron Número de ingreso o de inventario Pago total Signatura topográfica completa Código de barras Precio efectivo desde Tipo de documento Estado perdido Estado dañado No es para préstamo Retirado Ubicación permanente Ubicación actual Fecha de adquisición
30/10/2023 I-00232   I/DIB/2017/C29 BibLima23100066 30/10/2023 Monografía de Titulación         Biblioteca Central Lima Biblioteca Central Lima 30/10/2023